000 00706nam a22002057a 4500
999 _c140920
_d140918
005 20180518084738.0
008 170201b mx||||| |||| 00| 0 spa d
020 _a9786071608819
050 0 4 _aB802
_bI87 2012
100 1 _aIsrael, Jonathan I.
245 1 3 _aLa ilustración radical :
_bLa filosofía y la construcción de la modernidad 1650-1750 /
_cJonathan I. Israel ; tr. Ana Tamarit
250 _a1a. ed.
260 _aMéxico :
_bFCE,
_c2012
300 _a104 p. :
_bil. ;
_c23 cm
490 0 _aFilosofía
500 _aTraducción de : Radical Enlightenment. Philosophy and the Making of Modernity 1650-1750
650 4 _aFilosofía-Francia
_xEuropa
700 1 _aTamarit, Ana,
_4tr.
942 _2lcc
_cLIB